Mondaq Bosnia Herzegovina

Bibliographic Details
Format: eBook
Language:English
Published: Sarajevo: Mondaq, 2013
Series:Mondaq Business Briefing
Subjects:
Online Access:Acceso restringido

MARC

LEADER 00000nam a22000007a 4500
005 20190215204736.0
007 cr|||| ||||
008 190215s2013 ba |||||s|||| 00||0 eng d
035 |a 7113 
040 |a vLex 
090 |c 8450  |d 8450 
245 0 0 |a Mondaq Bosnia Herzegovina  |h [Recurso electrn̤ico] / 
256 |a Servicio en ln̕ea 
260 |a Sarajevo:  |b Mondaq,  |c 2013 
300 |a 1 recurso electrn̤ico 
490 0 |a Mondaq Business Briefing 
506 1 |a Disponible solo en los productos indicados  |d vLex Global  |d vLex Global (Academic Edition, excluding Law Schools)  |d vLex Global (U.S. Academic Edition, Law Schools)  |d vLex Global (U.S. Academic Edition, excluding Law Schools)  |d vLex Global (Academic Edition, Law Schools) 
650 0 4 |a Derecho Civil  |z Bosnia Herzegovina 
740 0 |a vLex Libros (Servicio en ln̕ea) 
856 4 0 |u http://vlex.com/source/7113  |z Acceso restringido 
942 |c BOOK 
999 0 |a Civil Law